00751nam a2200169 a 4500003000200000005001700002008004100019050002600060100002700086245015800113260009000271300004000361504004100401650003500442650007200477650003200549020250424074516.0050808s19uu xx 00 eng d aPHS SF 411b.F56 2005 aFlores, Raica Grace Y. aA Comparative study on the perceptions of college students and professionals on the advantages and disadvantages of owning pets /cRaica Grace Y. Flores. aLas Piñas City, Philippines :bSouthville International School and Colleges,c2005. a33 pages :billustrations ;c28 cm. aIncludes bibliographical references. aPet ownershipxSocial aspects. 2Library of Congress Subject Headings aPetsxPsychological aspects. aHuman-animal relationships.